00627cam a22002171 4500001001300000003000400013005001700017008004100034010001700075035002000092040001700112042001200129043001200141050001800153110002700171245005900198260007500257300001900332651004100351999001700392sa 65002568 DLC20260227112117.0840608s1964 ii s000 0 eng  asa 65002568  a(OCoLC)21645452 aDLCcCUdDLC apremarc aa-ii---00aHC437.M3bA541 aMadras (India : State)10aThird five year plan, Madras State;bmid-term review.  a[Madras,bPrinted by the Controller of Stationery and Printing]c1964. a137 p.c24 cm. 0aTamil Nadu (India)xEconomic policy. c62696d62696